Culture Générale - Série 1972 - Statistiques

Statistiques générales
  • Ce quiz a été pris 101 fois
  • Le résultat moyen est 4 sur 10
Statistiques - réponses
Question Réponse % Correct
Comment appelle-t-on également la "belle-fille" ? bru
90%
De quel pays Erevan est-elle la capitale ? Arménie
85%
Quel animal est un "engoulevent" ? oiseau
63%
Quelle capitale se dresse au confluent du Nil bleu et du Nil blanc ? Khartoum
51%
De quel pays Lusaka est-elle la capitale ? Zambie
49%
Dans quel pays le fleuve "ienissei" prend-il sa source ? Mongolie
35%
Personne qui interdit ou détruit les images saintes, et par extension les œuvres d'art iconoclaste
32%
Dans "la grande illusion" qui interprète le rôle du Capitaine de Boeldieu ? Pierre Fresnay
22%
Quelle est l'unité monétaire du Pérou ? sol
13%
Quel petit poisson est appelé "anguille des sables, équille ou cicerelle" ? voir photo lançon
1%
Aucun quiz correspondant
Distribution des résultats
% des personnes avec chaque résultat
Percentile par nombre de réponses
Votre historique - résultats
Vous n’avez pas pris ce quiz